01346nmc a2200397 a 4500003000900000005001700009008004100026020001800067040001300085100002200098245015100120250001200271260004200283300002400325490001600349504003100365650002500396650002900421650002100450650002600471650002100497650002600518653002400544653002800568653002500596653002900621653002700650653002800677653003000705700004500735700003200780700003200812700004200844700003000886700003200916AR-BaBNM20251128205513.0011101s1996 ||||||||||||||000 | spa|| a950-808-061-2 cAR-BaBNM1 aBoggino, Norberto10aGlobalización, redes y transversalidad de los contenidos en el aulabeducación inicial y enseñanza general básica : primer y segundo ciclo a3ª ed. aRosariobHomo Sapiens Edicionesc1996 a169 p.bdiagr., il. 0aEducación aBibliografía: p. 167-169 4aMETODOS DE ENSENANZA 4aEDUCACION DEL CONSUMIDOR 4aEDUCACION SEXUAL 4aEDUCACION PARA LA PAZ 4aDERECHOS HUMANOS 4aESQUEMAS CONCEPTUALES aTEMAS TRANSVERSALES aEDUCACION PARA LA SALUD aEDUCACION EN VALORES aEDUCACION GENERAL BASICA aPRIMER CICLO DE LA EGB aSEGUNDO CICLO DE LA EGB aAPRENDIZAJE SIGNIFICATIVO1 aAvendaño, Fernando Carlosecolaborador1 aParera, Silviaecolaborador1 aParera, Silviaecolaborador1 aPérez de Parra, Mirthaecolaborador1 aMenin, Ovideeprologuista1 aZapata, Gabrieleilustrador